00623 2200181 4500245007000000020002200070250001100092100002000103700001900123650002000142005001900162260002800181041001400209084000800223300002300231500017800254336000900432 a728 Hari b : Ibu Jembatanmu Menuju SurgacDjono W. OesmanhText a978-602-73303-1-3 aCet. 1 aDjono W. Oesman aMaskur Priatna aNovel Indonesia a20231004120934 aDepokbBest Mediac2015 aIndonesia a813 a336 hlm. :c20 cm. aCerita novel ini berdasarkan kisah nyata perjuangan seseorang gadis cantik bernama Eva Meliana Santi melawan penyakit lupus, penyakit yang sampai sekarang belum ada obatnya. atext